COMPUTER SCIENCE QUESTION BANK (Record no. 14751)

MARC details
000 -LEADER
fixed length control field 00384nam a22001577a 4500
003 - CONTROL NUMBER IDENTIFIER
control field SGT
020 ## - INTERNATIONAL STANDARD BOOK NUMBER
International Standard Book Number 978-81-7515-515-2
082 ## - DEWEY DECIMAL CLASSIFICATION NUMBER
Classification number 004
Item number BAS
100 ## - MAIN ENTRY--PERSONAL NAME
Personal name BASANDRA,SURESH.K.
245 ## - TITLE STATEMENT
Title COMPUTER SCIENCE QUESTION BANK
250 ## - EDITION STATEMENT
Edition statement 5TH
260 ## - PUBLICATION, DISTRIBUTION, ETC. (IMPRINT)
Place of publication, distribution, etc NEW DELHI
Name of publisher, distributor, etc GALGOTIA PUBLICATIONS
Year of Publication 2015
300 ## - PAGE DESCRIPTION
No. of Pages APP.B.86
650 ## - SUBJECT ADDED ENTRY--TOPICAL TERM
Topical term or geographic name as entry element COMPUTER SCIENCE ENGINEERING
942 ## - ADDED ENTRY ELEMENTS (KOHA)
Source of classification or shelving scheme Dewey Decimal Classification
Koha item type Books
942 ## - ADDED ENTRY ELEMENTS (KOHA)
-- 1
Holdings
Withdrawn status Lost status Source of classification or shelving scheme Damaged status Not for loan Collection code Home library Current library Shelving location Date acquired Vendor Name Cost, normal purchase price SGTU Bill Number Total Checkouts Full call number Accession No. (Barcode) Date last seen Bill Date Koha item type Date last borrowed
    Dewey Decimal Classification     ENGINEERING SGT Engineering Library SGT Engineering Library Text Book 25/01/2018 KIRTI PRAKASHAN (NEW DELHI ) 500.00 SGTU IN1391   004 BAS FE7081 25/01/2018   Books  
    Dewey Decimal Classification     ENGINEERING SGT Engineering Library SGT Engineering Library Text Book 25/01/2018 KIRTI PRAKASHAN (NEW DELHI ) 500.00 SGTU IN1391   004 BAS FE7082 25/01/2018   Books  
    Dewey Decimal Classification     ENGINEERING SGT Engineering Library SGT Engineering Library Text Book 25/01/2018 KIRTI PRAKASHAN (NEW DELHI ) 500.00 SGTU IN1391   004 BAS FE7083 25/01/2018   Books  
    Dewey Decimal Classification     ENGINEERING SGT Engineering Library SGT Engineering Library Text Book 25/01/2018 KIRTI PRAKASHAN (NEW DELHI ) 500.00 SGTU IN1391   004 BAS FE7084 25/01/2018   Books  
    Dewey Decimal Classification     ENGINEERING SGT Engineering Library SGT Engineering Library Text Book 25/01/2018 KIRTI PRAKASHAN (NEW DELHI ) 500.00 SGTU IN1391 2 004 BAS FE7085 04/02/2022   Books 04/12/2021